Exploring the Internet

Bibliographic Details
Main Author: Sanford, Clive C. (Author)
Format: Book
Published: Chicago : Irwin , 1995
Subjects:

MARC

LEADER 00000cam a2200000 7i4500
001 0000032607
005 20021119093000.0
008 021119n
020 |a 0256181853 
090 0 0 |a TK5105.875.I57   |b S36 1995 
100 0 |a Sanford, Clive C. ,   |e author 
245 0 0 |a Exploring the Internet   |c Clive C. Sanford 
260 2 |a Chicago :   |b Irwin ,   |c 1995 
300 |a xi, 335 p. ; ;   |c 28 cm. 
504 |a Includes index 
650 0 |a Internet (Computer network) 
999 |a 1000065623   |b Book   |c OPEN SHELF (30 DAYS)   |e Tembila Campus